000 00371nam a2200169Ia 4500
999 _c22432
_d22432
001 22147
003 PK-LaUMT
005 20221130111004.0
008 140409s9999 xx 000 0 und d
040 _cPK-LaUMT
082 _a 510
245 _aGCSE maths [+CD]
260 _cNA
500 _aEntered from accession register.
546 _aEN
942 _cSTK2002
_2ddc